000 01495 a2200265 4500
001 29467
005 20260407155604.0
008 260407a1999 arg spa d
003 AR-UNSa-BCEJYS
040 _aAR-UNSa-BCEJYS
_bspa
_cAR-UNSa-BCEJYS
080 _a347.4
_xObligaciones. Contratos. Acuerdos. Convenios
245 1 0 _aManual de derecho civil
_pobligaciones
020 _a950-20-1186-4
250 _a12a. ed.
264 1 _aBuenos Aires :
_bAbeledo Perrot
_c1999
300 _a789 p.
_c23 cm.
505 _aSección Primera: Teoría general de la obligación - 1. Naturaleza de las obligaciones - 2. Interdependencia de las obligaciones - 3. Efectos principlaes de las obligaciones - 4. Efectos auxiliares de las obligaciones - 5. Clasificación de las obligaciones - 6. Trasmisión y reconocimiento de las obligaciones - 7. Extinción de las obligaciones-Pago - 8. Convenciones liberatorias - 9. Hechos extintivos - Sección Segunda: Fuentes extracontractuales de las obligaciones - 10. Voluntad unilateral - 11. Hechos ilícitos - 12.Delitos - 13. Cuasidelitos - 14. Acciones por indemnización - 15. Responsabilidades especiales - 16. Enriquecimiento sin causa - 17. Obligaciones Ex-Lege
041 _aspa
942 _cBK
590 _aniveau_biblio:m niveau_hierar:0
100 1 _aBenegas, Patricio Raffo
700 1 _aLlambías, Jorge Joaquín
700 1 _aSassot, Rafael A.
856 4 1 _uhttps://170.210.207.44/pmb/images/libros/L85949.jpg
_yImagen de portada
_qimage/jpeg
999 _c1881
_d1881